El Poeta Joan Pujol entre l'Edat Mitjana i el Renaixement / per Antoni Comas
Publicado:
San Jorge, núm. 84 (4t trimestre 1971), pàg 130 - 132 :
MARC
| LEADER | 00000nam a2200000Ia 4500 | ||
|---|---|---|---|
| 001 | |||
| 008 | 160829s9999 xx 000 0 cat d | ||
| 100 | |a Comas, Antoni |9 41628 | ||
| 245 | |a El Poeta Joan Pujol entre l'Edat Mitjana i el Renaixement / per Antoni Comas | ||
| 260 | |a San Jorge, núm. 84 (4t trimestre 1971), pàg 130 - 132 | ||
| 650 | |a Pujol, Joan |9 41629 | ||
| 650 | |a Escriptors catalans |x Segle XVI |9 41630 | ||
| 901 | |a Arxiu | ||
| 942 | |n 1 | ||
| 952 | |0 0 |1 0 |4 0 |7 1 |9 50340 |a Arxiu |b Arxiu |d 2016-12-01 |l 0 |r 2016-12-01 00:00:00 |w 2016-12-01 |y ARXIU | ||
| 999 | |c 54182 |d 54182 | ||